00387nam a2200133Ia 4500003000400000005001700004008004100021040001800062041000800080100005700088110002500145245006300170260002000233OSt20230529145324.0211028s2015 xx 000 0 und d cAIMIT LIBRARY aeng aMenezes, Saniha Maria; D'Souza, Manibhushan.e131920 aManibhusahan D'Souza aSINGTEL: handling of user roles rights and publishing XML. aMangalorec2015